The metaphysical elements of ethics (Record no. 2943)
[ view plain ]
| 000 -LEADER | |
|---|---|
| fixed length control field | 01204nam a2200289Ia 4500 |
| 100 1# - MAIN ENTRY--AUTHOR NAME | |
| Personal name | Kant, Immanuel, |
| 245 14 - TITLE STATEMENT | |
| Title | The metaphysical elements of ethics |
| 260 ## - PUBLICATION, DISTRIBUTION, ETC. (IMPRINT) | |
| Place of publication | [South Bend, IN] : |
| Name of publisher | Infomotions, Inc. ; |
| Place of publication | [Blacksburg, VA] : |
| Name of publisher | Virginia Tech., |
| Year of publication | 2001, c1780. |
| 300 ## - PHYSICAL DESCRIPTION | |
| Number of Pages | 24 p. |
| 650 #0 - SUBJECT ADDED ENTRY--TOPICAL TERM | |
| Topical Term | Ethics. |
| Topical Term | Philosophy. |
| 700 1# - ADDED ENTRY--PERSONAL NAME | |
| Personal name | Abbott, Thomas Kingsmill, |
| 856 40 - ELECTRONIC LOCATION AND ACCESS | |
| Uniform Resource Identifier | http://site.ebrary.com/lib/rucke/Doc?id=5000704 |
No items available.
